【大手私鉄別】始発時刻が早い駅TOP3 - Statistics

General Stats
  • This quiz has been taken 25 times
  • The average score is 25 of 62
Answer Stats
会社 駅名 時刻 種別 行き先 % Correct
小田急 相模大野 4:53 各駅停車 本厚木
78%
小田急 小田原 4:54 各駅停車 新松田
78%
メトロ 北千住 4:54 各駅停車 我孫子
72%
メトロ 綾瀬 4:38 各駅停車 北千住
67%
東武 川越市 4:47 準急 池袋
61%
京急 金沢文庫 4:50 普通 品川
61%
近鉄 大和八木 5:00 区間準急 大阪上本町
61%
西武 保谷 4:25 各停 池袋
56%
西武 石神井公園 4:29 各停 池袋
56%
近鉄 名張 5:00 普通 伊勢中川、五位堂
56%
近鉄 大和西大寺 5:00 区間準急 尼崎
56%
京阪 出町柳 5:00 準急 淀屋橋
56%
京阪 5:00 普通 出町柳
56%
阪神 尼崎 4:36 普通 大阪梅田、新開地
56%
小田急 片瀬江ノ島 4:54 各駅停車 相模大野
50%
京急 神奈川新町 4:51 普通 浦賀
50%
相鉄 かしわ台 4:39 各停 横浜
50%
近鉄 新田辺 5:00 普通 京都、大和西大寺
50%
近鉄 東花園 5:00 普通 大和西大寺
50%
南海 難波 4:56 普通 和歌山市
50%
西鉄 西鉄二日市 5:14 普通 太宰府
50%
京王 桜上水 4:37 各停 つつじヶ丘
44%
小田急 経堂 4:54 各駅停車 新宿
44%
京急 三浦海岸 4:50 快特 羽田空港
44%
相鉄 いずみ野 4:43 各停 二俣川
44%
相鉄 相模大塚 4:43 各停 横浜
44%
近鉄 生駒 5:00 普通 王寺
44%
京阪 中之島 5:00 普通 出町柳
44%
京阪 枚方市 5:00 普通 私市
44%
阪急 雲雀丘花屋敷 4:26 普通 大阪梅田
44%
東武 志木 4:46 普通 小川町
39%
西武 大泉学園 4:27 各停 池袋
39%
京成 くぬぎ山 4:35 普通 京成津田沼
39%
近鉄 古市 5:00 普通 大阪阿部野橋
39%
近鉄 明星 5:00 普通 名張
39%
南海 新今宮 4:58 普通 和歌山市
39%
京阪 樟葉 5:00 準急 淀屋橋
39%
阪急 川西能勢口 4:28 普通 大阪梅田
39%
阪急 池田 4:30 普通 大阪梅田
39%
阪神 石屋川 4:37 普通 元町
39%
阪神 大物 4:37 普通 大阪梅田
39%
京成 新鎌ヶ谷 4:38 普通 京成津田沼
33%
相鉄 さがみ野 4:41 各停 横浜
33%
京阪 中書島 5:00 普通 宇治
33%
西鉄 筑紫 5:13 普通 西鉄福岡(天神)
33%
京成 北初富 4:37 普通 京成津田沼
28%
京王 富士見ヶ丘 4:35 各停 渋谷
28%
メトロ 東陽町 4:58 各駅停車 東葉勝田台
28%
名鉄 西ノ口 5:10 普通 中部国際空港
28%
東武 柳瀬川 4:48 普通 小川町
22%
東急 上町 4:55 三軒茶屋
17%
名鉄 蒲池 5:12 普通 中部国際空港
17%
名鉄 榎戸 5:14 普通 中部国際空港
17%
近鉄 河内天美 5:00 普通 大阪阿部野橋
17%
近鉄 六田 5:00 普通 古市
17%
南海 住ノ江 4:57 普通 難波
17%
南海 住吉大社 4:58 普通 難波
17%
京王 高井戸 4:36 各停 渋谷
11%
東急 世田谷 4:56 三軒茶屋
11%
東急 松陰神社前 4:57 三軒茶屋
11%
西鉄 桜台 5:14 普通 西鉄福岡(天神)
11%
京成 元山 4:38 普通 松戸
6%
No matching quizzes found
Score Distribution
Percent of People with Each Score
Percentile by Number Answered
Your Score History
You have not taken this quiz